Do people grow on trees? (Record no. 110852)

MARC details
000 -LEADER
fixed length control field 00988cad a22002295a 4500
001 - CONTROL NUMBER
control field E150389
008 - FIXED-LENGTH DATA ELEMENTS--GENERAL INFORMATION
fixed length control field 100707s2008 xxk f 000 0 eng d
035 ## - SYSTEM CONTROL NUMBER
System control number (Sirsi) u150389
041 0# - LANGUAGE CODE
Language code of text/sound track or separate title eng
100 1# - MAIN ENTRY--PERSONAL NAME
Personal name Bond, S.
245 00 - TITLE STATEMENT
Title Do people grow on trees?
Remainder of title guidance for employers in the Scottish forest and timber industries
Medium [electronic resource]
260 ## - PUBLICATION, DISTRIBUTION, ETC.
Place of publication, distribution, etc. Edinburgh
Name of publisher, distributor, etc. Napier
Date of publication, distribution, etc. 2008
520 ## - SUMMARY, ETC.
Summary, etc. Examines the challenges facing the forest and timber industries in terms of staff shortages and recruitment problems, and gives advice on how the sector can overcome these an remain competitive.
590 ## - LOCAL NOTE (RLIN)
Local note KA
651 #4 - SUBJECT ADDED ENTRY--GEOGRAPHIC NAME
Geographic name Scotland
Chronological subdivision 1999-
690 ## - LOCAL SUBJECT ADDED ENTRY--TOPICAL TERM (OCLC, RLIN)
Topical term or geographic name as entry element ENVIRONMENTAL AND LAND CONSULTANCY-FORESTRY AND WOODLAND MANAGEMENT
700 1# - ADDED ENTRY--PERSONAL NAME
Personal name Thomson, E.
700 1# - ADDED ENTRY--PERSONAL NAME
Personal name Macpherson, S.
700 1# - ADDED ENTRY--PERSONAL NAME
Personal name Ridley-Ellis, D.
856 40 - ELECTRONIC LOCATION AND ACCESS
Uniform Resource Identifier <a href="https://researchrepository.napier.ac.uk/2456/1/do_people_grow_on_trees.pdf">https://researchrepository.napier.ac.uk/2456/1/do_people_grow_on_trees.pdf</a>
Public note View the report free of charge on the napier.ac.uk website.
942 ## - ADDED ENTRY ELEMENTS (KOHA)
Suppress in OPAC 0
Holdings
Withdrawn status Lost status Source of classification or shelving scheme Damaged status Not for loan Home library Current library Shelving location Date acquired Total Checkouts Full call number Barcode Date last seen Copy number Price effective from Koha item type
    Dewey Decimal Classification     Virtual Virtual Online 07/07/2010   ONLINE PUBLICATION 150389-2001 06/08/2019 1 06/08/2019 Book